Una vida con propósito /

Gespeichert in:
Bibliographische Detailangaben
1. Verfasser: Warren, Rick (autor)
Format: Buch
Sprache:Spanisch
Veröffentlicht: Miami, EUA : Vida, 2003, c2003
Schlagworte:
Tags: Tag hinzufügen
Keine Tags, Fügen Sie das erste Tag hinzu!

MARC

LEADER 00000nam^a2200000^a^4500
001 000379864
005 20250521000000.0
009 20260310120538.935
020 |a 0-8297-4257-3 
037 |a Acervo Xavier Clavigero 
041 |a ESP 
082 |a 230. 5734  |b WAR 
100 |a Warren, Rick  |e (autor) 
245 1 4 |a Una vida con propósito /  |c R. Warren ; tr. por Vida Publishers. 
264 4 |a Miami, EUA :  |b Vida,  |c 2003, c2003 
300 |a 367 p. 
336 |a texto  |b txt  |2 rdacontenido 
337 |a sin mediación  |b n  |2 rdamedio 
338 |a volumen  |b nc  |2 rdasoporte 
500 |a Traducción de: The Purpose Driven Life 
649 |a XX 
650 |a Proyecto de Vida -  |x Tema Principal 
650 |a Teología Doctrinal 
650 |a Teología 
650 |a Cristianismo -  |x Tema Principal 
650 |a Religión 
910 |a Fondo General 
920 |a Impresos - Libros 
930 |a Colección General 
905 |a 101 
901 |a 0500274835  |b IT1  |c ACC  |i FXC D2721  |u 20250521 
902 |a https://opac.biblio.iteso.mx/vufind/Record/000379864